000 00702nam a2200265Ia 4500
005 20260121170514.0
008 008 260114s9999 xx 000 0 eng d
020 _a9783319759753
037 _aEBOOK
040 _aCRL
040 _beng
040 _cCRL
041 _2eng
041 _aeng
084 _qCRL
100 _aPaola ViganĂ², Chiara Cavalieri, Martina Barcelloni Corte
_91064706
245 4 _aThe Horizontal Metropolis Between Urbanism and Urbanization
260 _bSpringer
260 _bSpringer
260 _c2018
856 _uhttps://link.springer.com/openurl?genre=book&isbn=978-3-319-75975-3
942 _cEBOOK
999 _c1630436
_d1630436